Chairman Mao's Cult of Personality - Statistics

General Stats
  • This quiz has been taken 11 times
  • The average score is 9 of 22
Answer Stats
Hint Answer % Correct
Finish the Quote:"Every Communist must grasp the truth: Political power grows out of the barrel of a ___." Gun
78%
In 1964, this booklet containing Mao's quotes from Mao's speeches was published Quotations from Chairman Mao
78%
Mao was also often referred to as the ___ ___ shining in the hearts of the people The Red Sun
78%
Finish the Quote: "The enemy advances, we _______; the enemy camps, we harass; the enemy tires, we attack" Retreat
67%
In July 1966, Mao supposedly swam this river with superhuman speed Yangtze River
67%
This fruit was worshipped by members of a work team after Mao gave it to them as a gift Mango
56%
Finish the Quote: "All reactionaries are _____ ______. In appearance, the reactionaries are terrifying, but in reality they are not so powerful." Paper Tigers
56%
Finish the Quote: "A revolution is not a ______ _____, or writing an essay, or painting a picture, or doing embroidery... A revolution is an insurrection, an act of violence by which one class overthrows another." Dinner Party
44%
Chinese Minister of National Defense who was responsible with the above two things. He was labelled as Mao's close comrade in arms in 1966 and died mysteriously in 1971 Lin Biao
44%
What was the official name used to represent Mao's political ideology. The term Maoism was not used in propaganda Mao Zedong Thought
44%
Great Helmsman
33%
In 1962, the diary of this man was published. The diary presented him as a national hero and a role model due to his loyalty to the party and Mao Zedong. The diary was most likely a fabrication made for propaganda reasons Lei Feng
33%
People in China were restricted to doing this type of dance to show their admiration to Mao during the Cultural Revolution Loyalty Dance
33%
Continuing the above quote: "The theoretical basis guiding our thinking is _____________" Marxism-Leninism
33%
One of the most popular songs during the Cultural Revolution Sailing the Seas Depends on the Helmsman
33%
During the early years of the Cultural Revolution, this song was used in place of the national anthem, "March of the Volunteers" The East is Red
33%
Mao supposedly joked that not enough airplanes were being made in China because the aluminum was being used to make these instead Chairman Mao Badges
22%
Finish this quote. it was often repeated by Red Guards and in propaganda. "The Force at our core leading our cause forward is the ________________" Chinese Communist Party
22%
In propaganda, Mao was referred to by the four great titles in addition to being called Chairman. What were these titles Great Leader
22%
Great Supreme Commander
22%
Great Teacher
22%
Similar to Banzai in Japanese and Manse in Korean, this was said to wish Mao a long life that would last 10,000 years Wànsuì (万岁)
22%
No matching quizzes found
Score Distribution
Percent of People with Each Score
Percentile by Number Answered
Your Score History
You have not taken this quiz